000 00543nam a22002297a 4500
003 UA-OsUOA
001 90305
007 ta
008 20121115b un ||||| |||| 00| 0 ukr d
100 _aЛетюк Є.
090 _a821.161.2
_bЛ52
942 _cBK
040 _aUA-OsUOA
_bukr
_cUA-OsUOA
_dUA-OsUOA
245 _aПарооль довір'я
_bповісті
300 _a182 с.
955 _a3
041 _aukr
080 _a821.161.2
260 _aДонецьк
_bДонбас
_c1986
650 7 _2UDC
999 _c376667
_d376667